000 003920000a22001090004500
090 _aAS
_bSeriadas
245 1 0 _aPresencia del género Otopappus (<Compositae, Heliantheae>) en Suramerica
041 0 _aEspañol
100 1 _aDíaz Piedrahita, Santiago
_995842
942 _cARTICULO
773 1 _tRevista de la Academia Colombiana de Ciencias Exactas, Fisicas y Naturales
_332
_h71
_q479-482
_d1993
_g18
999 _c14085
_d14085